| 000 | 00483nam a2200157 i 4500 | ||
|---|---|---|---|
| 001 | 38147 | ||
| 003 | ES-MaACL | ||
| 005 | 20230906155716.0 | ||
| 007 | t| | ||
| 008 | 030224s1908 sp ||||1| spa d | ||
| 100 | 1 |
_aCabellud Cornel, José. _933185 |
|
| 245 | 1 | 0 |
_aDelincuentes habituales contra la propiedad / _calbum criminológico recopilado y escrito pot José Cabellud Cornel. |
| 260 |
_aBarcelona : _b[s.n., _c1908] ( _fThomas) |
||
| 300 | _a8 v. | ||
| 852 |
_aES-MaACL _jD-126-33 |
||
| 999 |
_c38147 _d38147 |
||